MARC details
| 000 -CABECERA |
| campo de control de longitud fija |
01170nam a22002177a 4500 |
| 003 - IDENTIFICADOR DEL NÚMERO DE CONTROL |
| campo de control |
DO-SdBNP |
| 005 - FECHA Y HORA DE LA ÚLTIMA TRANSACCIÓN |
| campo de control |
20211019150059.0 |
| 007 - CAMPO FIJO DE DESCRIPCIÓN FÍSICA--INFORMACIÓN GENERAL |
| campo de control de longitud fija |
ta |
| 008 - DATOS DE LONGITUD FIJA--INFORMACIÓN GENERAL |
| campo de control de longitud fija |
211019b2017 dr ac||| |||| 00| 0 spa d |
| 040 ## - FUENTE DE LA CATALOGACIÓN |
| Centro catalogador/agencia de origen |
DO-SdBNP |
| Lengua de catalogación |
spa |
| Centro/agencia transcriptor |
BNPHU |
| 082 #4 - NÚMERO DE LA CLASIFICACIÓN DECIMAL DEWEY |
| Número de edición |
22 |
| Número de documento/Ítem |
E77v |
| 100 1# - ENTRADA PRINCIPAL--NOMBRE DE PERSONA |
| Nombre de persona |
Espinal, Josián, |
| Fechas asociadas al nombre |
1935- |
| 9 (RLIN) |
80274 |
| 245 10 - MENCIÓN DE TÍTULO |
| Título |
La vaquita de Emiliano y otros versos / |
| Mención de responsabilidad, etc. |
Josián Espinal ; compilador : Pedro Espinal. |
| 260 ## - PUBLICACIÓN, DISTRIBUCIÓN, ETC. |
| Lugar de publicación, distribución, etc. |
Santo Domingo : |
| Nombre del editor, distribuidor, etc. |
Papelmaché, |
| Fecha de publicación, distribución, etc. |
2017. |
| 300 ## - DESCRIPCIÓN FÍSICA |
| Extensión |
70 p. : |
| Otras características físicas |
il., retrs. ; |
| Dimensiones |
22 cm. |
| 505 0# - NOTA DE CONTENIDO CON FORMATO |
| Nota de contenido con formato |
Dedicatoria, 7.-- Agradecimientos, 8.-- Josián Espinal en la memoriacultural de Sabaneta, 9.-- Palabras introductorias, 21.-- Introducción del autor, 35.-- Décima a La vaquita de Emiliano:primera parte, 37.-- Décima a La vaquita de Emiliano:segunda parte, 45.-- Otros versos, 59.-- Aquella noche de enero, 60.-- Palomita quinceañera, 62.-- Quiero, 63.-- Cuando no estoy contigo, 64.-- A la madre viva, 65.-- A la madre muerta, 67.-- Cuando tú me quieras, 68.-- Ahora que te pierdo, 69.-- Déjame besarte, 70. |
| 590 ## - NOTA LOCAL (RLIN) |
| Nota local |
Inventariado, 2021 /LP<br/><br/> |
| 700 1# - PUNTO DE ACCESO ADICIONAL--NOMBRE DE PERSONA |
| Nombre de persona |
Espinal, Pedro, |
| Término indicativo de función/relación |
compilador |
| 9 (RLIN) |
80275 |
| 910 ## - DATOS DE OPCIÓN DEL USUARIO (OCLC) |
| Datos de opción del usuario |
Lopérez |
| 942 ## - ELEMENTOS DE PUNTO DE ACCESO ADICIONAL (KOHA) |
| Fuente del sistema de clasificación o colocación |
Dewey Decimal Classification |
| Tipo de ítem Koha |
Libro |